01129cam a2200265 a 450000100100000000500170001000800410002702000150006804000230008308200170010610000400012324500770016326000310024030000280027149000720029950400840037165000550045565000250051065000350053570000410057083000830061191000340069495201200072899900150084800000663620200929153949.0840831s1982 sp a b 001 0 spa  a842760579X aDO-SdBNPcDLCdDLC a909.8bC348c1 aCastelar, Emilio,d1832-1899.9331210aCrónica internacional /cEmilio Castelar ; edición, Damaso de Lario. aMadrid :bNacional,c1982. a476 p. :bil. ;c21 cm.1 aClásicos para una biblioteca contemporáneavno. 15aPensamiento aIncluye referencias bibliográficas, índice y notas al pie de las páginas. 4aPolítica mundialySIGLO XIXxCronología918427 4aGeopolítica918428 4aPolítica internacional928791 aLario Rámirez, Damaso,eed.918429 0aClásicos para una biblioteca contemporánea ;vno. 15.pPensamiento.918430 aCatalogación por copia / LC 001052708MOaGRbGRcCTd2009-09-01iLF1l0o909.8 C348cp6636-10r2020-06-25w2020-06-25y2ZPréstamo interno c6426d6426